[Event "Southend Masters"]
[Site "Southend"]
[Date "2023.04.08"]
[Round "5.1"]
[White "Vardaan, Nagpal"]
[Black "Han, Yichen"]
[Result "1/2-1/2"]
[WhiteElo "2333"]
[BlackElo "2406"]
[PlyCount "210"]
[EventDate "2023.04.06"]
[EventType "tourn"]
[EventRounds "9"]
[EventCountry "ENG"]
[EventCategory "9"]
[SourceTitle "BritBase"]
[Source "John Saunders"]
[SourceDate "2023.04.11"]
[SourceVersion "1"]
[SourceVersionDate "2023.04.11"]
[SourceQuality "1"]

1. d4 Nf6 2. c4 e6 3. Nc3 Bb4 4. Qc2 d5 5. a3 Bxc3+ 6. Qxc3 c5 7. cxd5 cxd4 8.
Qxd4 Nc6 9. Qd1 exd5 10. e3 O-O 11. Nf3 Ne4 12. Be2 Qa5+ 13. Bd2 Qb6 14. Bc3
Nxc3 15. bxc3 Qc5 16. O-O Be6 17. Qc2 g6 18. Qb2 Rab8 19. a4 Rfc8 20. h3 a6 21.
Ra3 Qe7 22. Nd4 Bd7 23. Nxc6 Rxc6 24. Rd1 Be6 25. Rd4 Qc7 26. Rb3 Qa5 27. Bf3
Rc7 28. Kh2 b6 29. Qa3 Rc4 30. Qd6 Rbc8 31. Rxb6 Qxc3 32. Qe5 R4c6 33. Rxc6
Qxc6 34. Bxd5 Bxd5 35. Qxd5 Qxd5 36. Rxd5 Rc4 37. Ra5 Rc6 38. g4 h6 39. h4 Kf8
40. Kg3 Ke7 41. f3 Rb6 42. e4 Rc6 43. Kf4 Rb6 44. Ke3 Rb3+ 45. Kf2 Rb6 46. h5
g5 47. Kg3 Kf8 48. Rc5 Kg7 49. a5 Rd6 50. Kf2 Rd2+ 51. Ke3 Ra2 52. Rf5 Ra4 53.
Kd3 Rb4 54. Kc3 Rb1 55. Kc4 Ra1 56. Kb4 Ra2 57. Rd5 Rf2 58. Rf5 Rc2 59. Kb3 Rc1
60. Kb2 Rc6 61. Rd5 Rf6 62. Rd3 Rc6 63. Kb3 Rc1 64. Kb4 Rb1+ 65. Rb3 Rc1 66.
Ra3 Rc2 67. Kb3 Rc1 68. Kb4 Rc2 69. Rd3 Rb2+ 70. Kc4 Rc2+ 71. Kb3 Rc1 72. Rd5
Rf1 73. Rf5 Rc1 74. Kb4 Rc2 75. Kb3 Rc1 76. Kb2 Rc6 77. Rd5 Rf6 78. Rd3 Rc6 79.
Rc3 Rd6 80. Kc2 Re6 81. Rc5 Rf6 82. Rf5 Rc6+ 83. Kd3 Rc1 84. Ke3 Ra1 85. Rc5
Ra3+ 86. Kf2 Ra1 87. e5 Ra2+ 88. Kg3 Ra1 89. Rd5 Ra2 90. Rd7 Re2 91. Re7 Kf8
92. Ra7 Rxe5 93. Rxa6 Kg7 94. Ra8 Re2 95. Rb8 Ra2 96. Rb5 Kh7 97. Rc5 Kg7 98.
Rf5 Kg8 99. Rf6 Kg7 100. Ra6 Kh7 101. Ra8 Kg7 102. a6 Kh7 103. a7 Kg7 104. Kh3
Kh7 105. Kg3 Kg7 1/2-1/2

[Event "Southend Masters"]
[Site "Southend"]
[Date "2023.04.08"]
[Round "5.2"]
[White "Ernst, Sipke"]
[Black "Boyer, Mahel"]
[Result "1/2-1/2"]
[WhiteElo "2526"]
[BlackElo "2463"]
[PlyCount "21"]
[EventDate "2023.04.06"]
[EventType "tourn"]
[EventRounds "9"]
[EventCountry "ENG"]
[EventCategory "9"]
[SourceTitle "BritBase"]
[Source "John Saunders"]
[SourceDate "2023.04.11"]
[SourceVersion "1"]
[SourceVersionDate "2023.04.11"]
[SourceQuality "1"]

1. d4 d5 2. c4 e6 3. Nc3 h6 4. Nf3 Nf6 5. g3 Nc6 6. Bg2 Bd6 7. O-O O-O 8. b3
dxc4 9. bxc4 e5 10. e3 exd4 11. exd4 1/2-1/2

[Event "Southend Masters"]
[Site "Southend"]
[Date "2023.04.08"]
[Round "5.3"]
[White "Korneev, Oleg"]
[Black "Chan, Kim Yew"]
[Result "1/2-1/2"]
[WhiteElo "2468"]
[BlackElo "2367"]
[PlyCount "35"]
[EventDate "2023.04.06"]
[EventType "tourn"]
[EventRounds "9"]
[EventCountry "ENG"]
[EventCategory "9"]
[SourceTitle "BritBase"]
[Source "John Saunders"]
[SourceDate "2023.04.11"]
[SourceVersion "1"]
[SourceVersionDate "2023.04.11"]
[SourceQuality "1"]

1. c4 c5 2. Nf3 Nf6 3. Nc3 d5 4. cxd5 Nxd5 5. e3 e6 6. d4 cxd4 7. exd4 Nxc3 8.
bxc3 Qc7 9. Bd2 Bd6 10. Bd3 Nd7 11. O-O b6 12. Re1 O-O 13. Ng5 Nf6 14. Qf3 Bb7
15. Qh3 h6 16. Ne4 Bxe4 17. Bxe4 Rac8 18. g3 1/2-1/2

[Event "Southend Masters"]
[Site "Southend"]
[Date "2023.04.08"]
[Round "5.4"]
[White "Livaic, Leon"]
[Black "Kirk, Ezra"]
[Result "0-1"]
[WhiteElo "2591"]
[BlackElo "2439"]
[PlyCount "152"]
[EventDate "2023.04.06"]
[EventType "tourn"]
[EventRounds "9"]
[EventCountry "ENG"]
[EventCategory "9"]
[SourceTitle "BritBase"]
[Source "John Saunders"]
[SourceDate "2023.04.11"]
[SourceVersion "1"]
[SourceVersionDate "2023.04.11"]
[SourceQuality "1"]

1. e4 c5 2. Nf3 d6 3. d4 cxd4 4. Nxd4 Nf6 5. Nc3 a6 6. a3 e5 7. Nf5 d5 8. Bg5
d4 9. Bxf6 Qxf6 10. Nd5 Qd8 11. Bc4 Nc6 12. Qf3 Be6 13. O-O g6 14. Ng3 Bg7 15.
Ne2 O-O 16. Qd3 Rc8 17. Ba2 Ne7 18. Nxe7+ Qxe7 19. Bxe6 Qxe6 20. Rfd1 f5 21.
Ng3 Rf7 22. f3 Bh6 23. Kh1 Be3 24. exf5 gxf5 25. c3 f4 26. Ne4 Rg7 27. cxd4
exd4 28. Nd2 h5 29. Nf1 Qg6 30. Nxe3 dxe3 31. Qxg6 Rxg6 32. Rac1 Rxc1 33. Rxc1
Rc6 34. Re1 Rc2 35. g3 h4 36. gxf4 h3 37. Kg1 Rg2+ 38. Kf1 Rf2+ 39. Kg1 Rg2+
40. Kf1 Rxh2 41. Rxe3 Rxb2 42. Kg1 Kf7 43. Rc3 a5 44. a4 Ke6 45. Rc5 b6 46. Rh5
Rb4 47. Kf2 Rxa4 48. Rh6+ Kf5 49. Rxb6 Kxf4 50. Rf6+ Kg5 51. Rf8 Ra2+ 52. Kg1
a4 53. Rh8 a3 54. Rxh3 Kf4 55. Rh4+ Kg3 56. Rg4+ Kxf3 57. Ra4 Ra1+ 58. Kh2 Ra2+
59. Kh3 Ra1 60. Kh2 Ke3 61. Kg2 Kd3 62. Kf2 Kc3 63. Ra8 Kb3 64. Rb8+ Ka2 65.
Ke3 Rb1 66. Rh8 Kb2 67. Rb8+ Kc2 68. Rc8+ Kb2 69. Rb8+ Ka1 70. Rg8 a2 71. Kd3
Kb2 72. Rb8+ Kc1 73. Rc8+ Kd1 74. Rh8 Rb3+ 75. Kc4 Rc3+ 76. Kb4 Rc1 0-1

[Event "Southend Masters"]
[Site "Southend"]
[Date "2023.04.08"]
[Round "5.5"]
[White "Willow, Jonah B"]
[Black "Ghasi, Ameet K"]
[Result "1/2-1/2"]
[WhiteElo "2468"]
[BlackElo "2479"]
[PlyCount "59"]
[EventDate "2023.04.06"]
[EventType "tourn"]
[EventRounds "9"]
[EventCountry "ENG"]
[EventCategory "9"]
[SourceTitle "BritBase"]
[Source "John Saunders"]
[SourceDate "2023.04.11"]
[SourceVersion "1"]
[SourceVersionDate "2023.04.11"]
[SourceQuality "1"]

1. e4 c5 2. Nf3 e6 3. d4 cxd4 4. Nxd4 Nf6 5. Nc3 Nc6 6. Nxc6 bxc6 7. e5 Nd5 8.
Ne4 Qc7 9. f4 Rb8 10. c4 Bb4+ 11. Ke2 O-O 12. a3 Be7 13. cxd5 cxd5 14. Nd6 Ba6+
15. Ke1 Bxf1 16. Rxf1 f6 17. Qe2 fxe5 18. fxe5 Bxd6 19. exd6 Qxd6 20. g3 Qb6
21. b4 d4 22. Bb2 Rxf1+ 23. Kxf1 Rf8+ 24. Kg2 d3 25. Qe5 Qf2+ 26. Kh3 Rf6 27.
Qb8+ Rf8 28. Qe5 Rf6 29. Qb8+ Rf8 30. Qe5 1/2-1/2

[Event "Southend Masters"]
[Site "Southend"]
[Date "2023.04.08"]
[Round "6.1"]
[White "Han, Yichen"]
[Black "Ghasi, Ameet K"]
[Result "1/2-1/2"]
[WhiteElo "2406"]
[BlackElo "2479"]
[PlyCount "101"]
[EventDate "2023.04.06"]
[EventType "tourn"]
[EventRounds "9"]
[EventCountry "ENG"]
[EventCategory "9"]
[SourceTitle "BritBase"]
[Source "John Saunders"]
[SourceDate "2023.04.11"]
[SourceVersion "1"]
[SourceVersionDate "2023.04.11"]
[SourceQuality "1"]

1. e4 c5 2. Nf3 e6 3. d4 cxd4 4. Nxd4 Nf6 5. Nc3 Nc6 6. Ndb5 Bc5 7. Bf4 O-O 8.
e5 a6 9. Nd6 Ne8 10. Nxe8 Rxe8 11. Ne4 Be7 12. c3 Qa5 13. Nd6 Rf8 14. Nxc8
Raxc8 15. Bd3 Nxe5 16. Bxh7+ Kxh7 17. Qh5+ Kg8 18. Qxe5 Qa4 19. O-O Qc2 20. Qd4
Qxb2 21. Qxd7 Bc5 22. Rab1 Qxa2 23. Qxb7 Qe2 24. Bc7 Qc4 25. Be5 Rfd8 26. Ra1
Rc6 27. Kh1 Bf8 28. Bd4 Rd5 29. Qb8 a5 30. Rfb1 e5 31. Be3 Qxc3 32. h3 Rcd6 33.
Rc1 Qb4 34. Qa8 Rd8 35. Qa7 e4 36. Qa6 R8d6 37. Qa8 Rd8 38. Qa6 Qb5 39. Qxb5
Rxb5 40. Rc4 f5 41. g4 g6 42. gxf5 gxf5 43. Rc7 f4 44. Rg1+ Kh8 45. Bxf4 Bd6
46. Bxd6 Rxd6 47. Rc8+ Kh7 48. Rc7+ Kh8 49. Rc8+ Kh7 50. Rc7+ Kh8 51. Rc8+
1/2-1/2

[Event "Southend Masters"]
[Site "Southend"]
[Date "2023.04.08"]
[Round "6.2"]
[White "Kirk, Ezra"]
[Black "Willow, Jonah B"]
[Result "1/2-1/2"]
[WhiteElo "2439"]
[BlackElo "2468"]
[PlyCount "57"]
[EventDate "2023.04.06"]
[EventType "tourn"]
[EventRounds "9"]
[EventCountry "ENG"]
[EventCategory "9"]
[SourceTitle "BritBase"]
[Source "John Saunders"]
[SourceDate "2023.04.11"]
[SourceVersion "1"]
[SourceVersionDate "2023.04.11"]
[SourceQuality "1"]

1. Nf3 d5 2. d4 e6 3. Bf4 Bd6 4. Bg3 Nf6 5. Nbd2 c5 6. e3 O-O 7. c3 Qc7 8. Ne5
Nfd7 9. Ndf3 f6 10. Nd3 c4 11. Nf4 Re8 12. h4 Nf8 13. Bh2 b5 14. g4 Nc6 15. g5
f5 16. g6 Nxg6 17. Nxg6 hxg6 18. Bxd6 Qxd6 19. Rg1 e5 20. dxe5 Nxe5 21. Nxe5
Rxe5 22. Qd4 Re6 23. Bg2 Bb7 24. O-O-O b4 25. cxb4 a5 26. b5 Rd8 27. Qa7 Qb4
28. Qxb7 c3 29. bxc3 1/2-1/2

[Event "Southend Masters"]
[Site "Southend"]
[Date "2023.04.08"]
[Round "6.3"]
[White "Chan, Kim Yew"]
[Black "Livaic, Leon"]
[Result "0-1"]
[WhiteElo "2367"]
[BlackElo "2591"]
[PlyCount "90"]
[EventDate "2023.04.06"]
[EventType "tourn"]
[EventRounds "9"]
[EventCountry "ENG"]
[EventCategory "9"]
[SourceTitle "BritBase"]
[Source "John Saunders"]
[SourceDate "2023.04.11"]
[SourceVersion "1"]
[SourceVersionDate "2023.04.11"]
[SourceQuality "1"]

1. Nf3 g6 2. e4 c5 3. c4 Nc6 4. d4 cxd4 5. Nxd4 Nf6 6. Nc3 Nxd4 7. Qxd4 d6 8.
Be2 Bg7 9. Be3 O-O 10. Qd2 Be6 11. Rc1 Qa5 12. f3 Rfc8 13. b3 a6 14. Na4 Qxd2+
15. Kxd2 Nd7 16. g4 f5 17. gxf5 gxf5 18. Rhg1 Kh8 19. Bd3 f4 20. Bf2 Ne5 21.
Be2 Rg8 22. Nb6 Raf8 23. Nd5 Bxd5 24. cxd5 b5 25. Rc7 Bf6 26. Ke1 b4 27. Rxg8+
Rxg8 28. Kf1 h5 29. Be1 a5 30. Bd2 Ng6 31. Rc4 Bb2 32. Be1 h4 33. Bf2 h3 34.
Rc7 Bf6 35. Bb6 Nh4 36. Ra7 Rg2 37. Ra8+ Kg7 38. Bg1 Bc3 39. Rxa5 Bd2 40. Bd4+
Kf7 41. e5 Be3 42. e6+ Kg6 43. Bd3+ Kg5 44. Bxe3 fxe3 45. Ra8 Rf2+ 0-1

[Event "Southend Masters"]
[Site "Southend"]
[Date "2023.04.08"]
[Round "6.4"]
[White "Boyer, Mahel"]
[Black "Korneev, Oleg"]
[Result "1/2-1/2"]
[WhiteElo "2463"]
[BlackElo "2468"]
[PlyCount "222"]
[EventDate "2023.04.06"]
[EventType "tourn"]
[EventRounds "9"]
[EventCountry "ENG"]
[EventCategory "9"]
[SourceTitle "BritBase"]
[Source "John Saunders"]
[SourceDate "2023.04.11"]
[SourceVersion "1"]
[SourceVersionDate "2023.04.11"]
[SourceQuality "1"]

1. Nf3 d5 2. g3 Bg4 3. Bg2 e6 4. O-O Nf6 5. c4 c6 6. Ne5 Bf5 7. d4 Be7 8. Nc3
O-O 9. Bf4 Nbd7 10. Qb3 Qb6 11. Nxd7 Nxd7 12. e4 dxe4 13. Nxe4 Bxe4 14. Bxe4
Qxd4 15. Bxh7+ Kxh7 16. Rfd1 Nc5 17. Rxd4 Nxb3 18. axb3 Bf6 19. Rd7 Bxb2 20.
Ra2 e5 21. Be3 Bd4 22. Bxd4 exd4 23. Rxd4 a5 24. Rd7 b5 25. cxb5 cxb5 26. Rb7
a4 27. Rxb5 axb3 28. Rxa8 Rxa8 29. Rxb3 g5 30. Rb6 Kg7 31. Kg2 f6 32. h3 Ra4
33. Kf3 Kg6 34. Rb3 Rc4 35. Rd3 Kf5 36. Rd5+ Kg6 37. Ke3 Ra4 38. Rd4 Ra3+ 39.
Ke4 Rb3 40. Rd3 Rb4+ 41. Rd4 Rb3 42. Rd3 Rb4+ 43. Kf3 Ra4 44. Re3 Rb4 45. Re4
Rb3+ 46. Kg2 Rb2 47. Rc4 Ra2 48. Rb4 Rc2 49. h4 gxh4 50. Rg4+ Kh5 51. Rxh4+ Kg5
52. Re4 Ra2 53. Kf3 Ra3+ 54. Kg2 Ra2 55. Kf3 Ra3+ 56. Re3 Ra2 57. Rb3 f5 58.
Rb5 Ra3+ 59. Kg2 Ra2 60. Rc5 Rb2 61. Ra5 Kg4 62. Ra3 Kg5 63. Kf3 Rc2 64. Re3
Ra2 65. Re2 Ra3+ 66. Kg2 Rb3 67. Ra2 Kg6 68. Ra8 Rb2 69. Rf8 Ra2 70. Re8 Rb2
71. Kf3 Ra2 72. Re2 Ra3+ 73. Kg2 Rb3 74. f4 Rb1 75. Re5 Ra1 76. Rb5 Rc1 77.
Rb6+ Kg7 78. Kh3 Rh1+ 79. Kg2 Ra1 80. Rb2 Kg6 81. Kh3 Rh1+ 82. Rh2 Rxh2+ 83.
Kxh2 Kh6 84. Kg1 Kg7 85. Kf2 Kf6 86. Kf1 Kf7 87. Ke2 Ke6 88. Ke3 Ke7 89. Kd3
Kd7 90. Kc3 Kc7 91. Kb3 Kb7 92. Ka3 Kc6 93. Kb4 Kd5 94. Kc3 Ke4 95. Kc4 Kf3 96.
Kd4 Kxg3 97. Ke3 Kg4 98. Ke2 Kg3 99. Ke3 Kg2 100. Ke2 Kh3 101. Kf3 Kh4 102. Ke3
Kg4 103. Ke2 Kxf4 104. Kf2 Ke4 105. Ke2 f4 106. Kf2 f3 107. Kf1 Kf5 108. Kf2
Kf4 109. Kf1 Ke3 110. Ke1 f2+ 111. Kf1 Kf3 1/2-1/2

[Event "Southend Masters"]
[Site "Southend"]
[Date "2023.04.08"]
[Round "6.5"]
[White "Vardaan, Nagpal"]
[Black "Ernst, Sipke"]
[Result "1/2-1/2"]
[WhiteElo "2333"]
[BlackElo "2526"]
[PlyCount "78"]
[EventDate "2023.04.06"]
[EventType "tourn"]
[EventRounds "9"]
[EventCountry "ENG"]
[EventCategory "9"]
[SourceTitle "BritBase"]
[Source "John Saunders"]
[SourceDate "2023.04.11"]
[SourceVersion "1"]
[SourceVersionDate "2023.04.11"]
[SourceQuality "1"]

1. d4 d5 2. c4 e6 3. Nc3 Nf6 4. Bg5 Be7 5. e3 h6 6. Bh4 O-O 7. Nf3 b6 8. Bd3
Bb7 9. O-O Nbd7 10. cxd5 Nxd5 11. Bxe7 Qxe7 12. Nxd5 Bxd5 13. Qe2 c5 14. dxc5
Nxc5 15. Bc4 Bb7 16. Rfd1 Rfd8 17. Ne1 a6 18. f3 b5 19. Bd3 e5 20. Bc2 e4 21.
f4 Bd5 22. b3 Qf6 23. Rab1 Be6 24. Rxd8+ Rxd8 25. Rd1 b4 26. Rxd8+ Qxd8 27. Qd1
Qxd1 28. Bxd1 a5 29. Nc2 Nd3 30. Nd4 Bd5 31. Bc2 g6 32. Kf1 Nc5 33. Ke2 Kf8 34.
Kd2 Ke7 35. g3 h5 36. Bd1 Ne6 37. Nxe6 Bxe6 38. Be2 Bh3 39. Bc4 Be6 1/2-1/2

[Event "Southend Masters"]
[Site "Southend"]
[Date "2023.04.09"]
[Round "7.1"]
[White "Ernst, Sipke"]
[Black "Han, Yichen"]
[Result "0-1"]
[WhiteElo "2526"]
[BlackElo "2406"]
[PlyCount "52"]
[EventDate "2023.04.06"]
[EventType "tourn"]
[EventRounds "9"]
[EventCountry "ENG"]
[EventCategory "9"]
[SourceTitle "BritBase"]
[Source "John Saunders"]
[SourceDate "2023.04.11"]
[SourceVersion "1"]
[SourceVersionDate "2023.04.11"]
[SourceQuality "1"]

1. d4 d5 2. c4 e6 3. Nc3 Bb4 4. e3 Nf6 5. Nf3 O-O 6. Bd2 Re8 7. Bd3 b6 8. cxd5
exd5 9. Ne5 c5 10. O-O Bb7 11. a3 Bxc3 12. Bxc3 c4 13. Bc2 Nc6 14. f3 b5 15. g4
a5 16. Qe1 Qe7 17. g5 Nd7 18. f4 Ndxe5 19. dxe5 d4 20. exd4 b4 21. Qh4 g6 22.
f5 bxc3 23. f6 Qf8 24. bxc3 Nxe5 25. dxe5 Qc5+ 26. Qf2 Qd5 0-1

[Event "Southend Masters"]
[Site "Southend"]
[Date "2023.04.09"]
[Round "7.2"]
[White "Korneev, Oleg"]
[Black "Vardaan, Nagpal"]
[Result "1-0"]
[WhiteElo "2468"]
[BlackElo "2333"]
[PlyCount "87"]
[EventDate "2023.04.06"]
[EventType "tourn"]
[EventRounds "9"]
[EventCountry "ENG"]
[EventCategory "9"]
[SourceTitle "BritBase"]
[Source "John Saunders"]
[SourceDate "2023.04.11"]
[SourceVersion "1"]
[SourceVersionDate "2023.04.11"]
[SourceQuality "1"]

1. e4 e5 2. Nf3 Nf6 3. d4 Nxe4 4. Bd3 d5 5. Nxe5 Nd7 6. O-O Nxe5 7. dxe5 Nc5 8.
Be3 Nxd3 9. Qxd3 Be7 10. Nc3 c6 11. f4 g6 12. Ne2 Bf5 13. Qb3 Qc8 14. Ng3 b6
15. Nxf5 Qxf5 16. Qa4 Kd7 17. h3 h5 18. Rad1 Kc7 19. c4 dxc4 20. Qxc4 Kb7 21.
e6 Rad8 22. exf7 Rhf8 23. Rxd8 Bxd8 24. Rc1 Qd5 25. Qxd5 cxd5 26. g4 hxg4 27.
hxg4 Rxf7 28. Kg2 d4 29. Bd2 Bc7 30. Kf3 Rh7 31. Rc4 d3 32. Rd4 Rh3+ 33. Ke4
Rg3 34. g5 Kc6 35. a4 Bd6 36. b4 a6 37. b5+ axb5 38. axb5+ Kc7 39. Be3 Kd7 40.
Rxd3 Rg2 41. Bxb6 Ke6 42. Rb3 Re2+ 43. Be3 Re1 44. b6 1-0

[Event "Southend Masters"]
[Site "Southend"]
[Date "2023.04.09"]
[Round "7.3"]
[White "Livaic, Leon"]
[Black "Boyer, Mahel"]
[Result "0-1"]
[WhiteElo "2591"]
[BlackElo "2463"]
[PlyCount "50"]
[EventDate "2023.04.06"]
[EventType "tourn"]
[EventRounds "9"]
[EventCountry "ENG"]
[EventCategory "9"]
[SourceTitle "BritBase"]
[Source "John Saunders"]
[SourceDate "2023.04.11"]
[SourceVersion "1"]
[SourceVersionDate "2023.04.11"]
[SourceQuality "1"]

1. Nf3 d5 2. e3 Nf6 3. c4 e6 4. Nc3 Bd6 5. b3 O-O 6. Bb2 Re8 7. d4 b6 8. Bd3
Bb7 9. O-O Nbd7 10. Nb5 Bf8 11. Rc1 a6 12. Nc3 Bd6 13. Bb1 dxc4 14. bxc4 c5 15.
Qe2 Qc7 16. d5 exd5 17. Nxd5 Nxd5 18. cxd5 Bxd5 19. Rfd1 Bxf3 20. Qxf3 Rad8 21.
Qh3 Nf8 22. f4 Qe7 23. Rd3 b5 24. Rcd1 c4 25. Rd5 Bxf4 0-1

[Event "Southend Masters"]
[Site "Southend"]
[Date "2023.04.09"]
[Round "7.4"]
[White "Willow, Jonah B"]
[Black "Chan, Kim Yew"]
[Result "1-0"]
[WhiteElo "2468"]
[BlackElo "2367"]
[PlyCount "95"]
[EventDate "2023.04.06"]
[EventType "tourn"]
[EventRounds "9"]
[EventCountry "ENG"]
[EventCategory "9"]
[SourceTitle "BritBase"]
[Source "John Saunders"]
[SourceDate "2023.04.11"]
[SourceVersion "1"]
[SourceVersionDate "2023.04.11"]
[SourceQuality "1"]

1. e4 c5 2. Nf3 e6 3. d4 cxd4 4. Nxd4 Nc6 5. Nc3 Qc7 6. Be3 a6 7. g4 Nxd4 8.
Qxd4 b5 9. O-O-O Bb7 10. f3 Rc8 11. Qd2 Bb4 12. Bf4 Qc6 13. g5 Bxc3 14. bxc3 d5
15. c4 bxc4 16. Qc3 Ne7 17. Bg2 Qb5 18. Rhg1 Ng6 19. Bd6 dxe4 20. fxe4 Qxg5+
21. Kb1 f6 22. Ka1 Kf7 23. Rb1 Ba8 24. Bh3 Qh4 25. Rb6 Rhe8 26. Rxa6 Qxe4 27.
Re1 Qd5 28. Bg3 Rc6 29. Ra7+ Kg8 30. Ra5 Qd8 31. Qa3 Nf8 32. Ra7 Qd4+ 33. c3
Qd2 34. Rg1 g6 35. Qc1 Qxc1+ 36. Rxc1 e5 37. Rd1 Rb6 38. Bf2 Rb5 39. Bd7 Nxd7
40. Rdxd7 Bd5 41. a4 Rb7 42. Raxb7 Bxb7 43. Rxb7 f5 44. a5 f4 45. a6 e4 46. a7
e3 47. Bxe3 fxe3 48. Rb8 1-0

[Event "Southend Masters"]
[Site "Southend"]
[Date "2023.04.09"]
[Round "7.5"]
[White "Ghasi, Ameet K"]
[Black "Kirk, Ezra"]
[Result "1-0"]
[WhiteElo "2479"]
[BlackElo "2439"]
[PlyCount "146"]
[EventDate "2023.04.06"]
[EventType "tourn"]
[EventRounds "9"]
[EventCountry "ENG"]
[EventCategory "9"]
[SourceTitle "BritBase"]
[Source "John Saunders"]
[SourceDate "2023.04.11"]
[SourceVersion "1"]
[SourceVersionDate "2023.04.11"]
[SourceQuality "1"]

1. Nf3 Nf6 2. g3 g6 3. Bg2 Bg7 4. d4 c5 5. c4 O-O 6. O-O d6 7. dxc5 dxc5 8. Ne5
Qd4 9. Qxd4 cxd4 10. Na3 Nfd7 11. Nd3 Nc6 12. Bd2 Nde5 13. Nf4 Rd8 14. h3 d3
15. Bc3 Nd4 16. Bxd4 Rxd4 17. Nxd3 Nxd3 18. exd3 Rxd3 19. Rad1 Bf5 20. Rxd3
Bxd3 21. Rd1 Bf5 22. b3 Rb8 23. g4 Be6 24. Nb5 a5 25. c5 g5 26. Na7 Bf6 27. Be4
Kg7 28. Kg2 Ra8 29. Nb5 Rc8 30. Rc1 Rb8 31. Rd1 Rc8 32. Rc1 Rb8 33. Nc7 Bd7 34.
c6 Bxc6 35. Bxc6 bxc6 36. Rxc6 e6 37. Ra6 Be5 38. Na8 Rb5 39. Nb6 Bc3 40. Nc4
Rd5 41. Rd6 Rxd6 42. Nxd6 Kg6 43. Nc4 f5 44. f3 h5 45. Kf2 hxg4 46. hxg4 Kf6
47. Ke3 Ke7 48. Kd3 Be1 49. Ne3 Kf6 50. Ke2 Bc3 51. gxf5 Ke5 52. Kd3 Bb4 53.
fxe6 Kxe6 54. Ke4 Be7 55. Nc4 Bd8 56. Ne5 Bb6 57. Nc6 Kd6 58. Nd4 Kc5 59. a3
Kd6 60. Nf5+ Kc5 61. Ne3 Kb5 62. Nc4 Bc7 63. Kd5 a4 64. b4 Bf4 65. Kd4 Bc1 66.
Kc3 Kc6 67. Kc2 Bf4 68. Nb2 Kb5 69. Nd1 Kc4 70. Nc3 Bb8 71. Nxa4 Kd4 72. Nc5
Bd6 73. Ne6+ Kd5 1-0

[Event "Southend Masters"]
[Site "Southend"]
[Date "2023.04.09"]
[Round "8.1"]
[White "Han, Yichen"]
[Black "Kirk, Ezra"]
[Result "1/2-1/2"]
[WhiteElo "2406"]
[BlackElo "2439"]
[PlyCount "66"]
[EventDate "2023.04.06"]
[EventType "tourn"]
[EventRounds "9"]
[EventCountry "ENG"]
[EventCategory "9"]
[SourceTitle "BritBase"]
[Source "John Saunders"]
[SourceDate "2023.04.11"]
[SourceVersion "1"]
[SourceVersionDate "2023.04.11"]
[SourceQuality "1"]

1. d4 Nf6 2. c4 g6 3. Nc3 Bg7 4. e4 d6 5. h3 O-O 6. Be3 e5 7. d5 Na6 8. g4 Nc5
9. f3 a5 10. Qd2 c6 11. Nge2 a4 12. Ng3 h5 13. h4 hxg4 14. h5 Nxh5 15. Nxh5
gxh5 16. Rxh5 f5 17. exf5 Bxf5 18. O-O-O a3 19. b4 Na4 20. Nxa4 Rxa4 21. Bh6
Qf6 22. Bxg7 Kxg7 23. Rg5+ Bg6 24. dxc6 bxc6 25. Bd3 e4 26. Bxe4 Qa1+ 27. Kc2
Qb2+ 28. Kd3 Rxf3+ 29. Ke2 Rf6 30. Rxg4 Rxb4 31. Qxb2 Rxb2+ 32. Ke3 Rh2 33.
Rxg6+ Rxg6 1/2-1/2

[Event "Southend Masters"]
[Site "Southend"]
[Date "2023.04.09"]
[Round "8.2"]
[White "Chan, Kim Yew"]
[Black "Ghasi, Ameet K"]
[Result "0-1"]
[WhiteElo "2367"]
[BlackElo "2479"]
[PlyCount "76"]
[EventDate "2023.04.06"]
[EventType "tourn"]
[EventRounds "9"]
[EventCountry "ENG"]
[EventCategory "9"]
[SourceTitle "BritBase"]
[Source "John Saunders"]
[SourceDate "2023.04.11"]
[SourceVersion "1"]
[SourceVersionDate "2023.04.11"]
[SourceQuality "1"]

1. d4 Nf6 2. c4 g6 3. g3 Bg7 4. Bg2 O-O 5. Nc3 d6 6. Nf3 Nbd7 7. O-O e5 8. e4
exd4 9. Nxd4 Nc5 10. h3 Re8 11. Re1 a5 12. Qc2 a4 13. Be3 c6 14. Rad1 Qa5 15.
f4 Nfd7 16. Bf2 Nf8 17. Kh2 h5 18. a3 Nfd7 19. Nf3 Qc7 20. e5 dxe5 21. f5 gxf5
22. Qxf5 Nf6 23. Qc2 Ra5 24. Nh4 e4 25. Bxc5 Rxc5 26. Nxe4 Rce5 27. Nxf6+ Bxf6
28. Rxe5 Qxe5 29. Nf3 Qxb2 30. Qxa4 Re2 31. Rg1 Bf5 32. Qa5 Bg6 33. h4 Kg7 34.
Kh1 Re3 35. a4 Qf2 36. Rf1 Qxg3 37. Qb6 Re2 38. Rg1 Rxg2 0-1

[Event "Southend Masters"]
[Site "Southend"]
[Date "2023.04.09"]
[Round "8.4"]
[White "Vardaan, Nagpal"]
[Black "Livaic, Leon"]
[Result "0-1"]
[WhiteElo "2333"]
[BlackElo "2591"]
[PlyCount "173"]
[EventDate "2023.04.06"]
[EventType "tourn"]
[EventRounds "9"]
[EventCountry "ENG"]
[EventCategory "9"]
[SourceTitle "BritBase"]
[Source "John Saunders"]
[SourceDate "2023.04.11"]
[SourceVersion "1"]
[SourceVersionDate "2023.04.11"]
[SourceQuality "1"]

1. d4 Nf6 2. Nf3 g6 3. g3 Bg7 4. c4 O-O 5. Bg2 d6 6. O-O Nc6 7. Nc3 a6 8. Bf4
Rb8 9. Rc1 Bd7 10. a3 e6 11. b4 h6 12. h3 Nh5 13. Bd2 Re8 14. e3 Nf6 15. Re1 e5
16. d5 Ne7 17. e4 Nh7 18. Nh2 f5 19. exf5 gxf5 20. f4 exf4 21. Bxf4 Ng6 22. Qd3
Rxe1+ 23. Rxe1 Nxf4 24. gxf4 Qf6 25. Ne2 Re8 26. Nf3 Nf8 27. Nfd4 Kh8 28. Rf1
Ng6 29. c5 dxc5 30. bxc5 Bf8 31. c6 bxc6 32. dxc6 Bc8 33. Nc2 Bd6 34. Kh1 Kh7
35. a4 Rg8 36. Bd5 Rg7 37. Ne3 Bc5 38. Ng2 Ne7 39. Bf3 a5 40. Qc4 Bb6 41. Rd1
Be6 42. Qb5 Ng6 43. Bd5 Bc8 44. Qd3 Ne7 45. Qc4 Nxd5 46. Qxd5 Be6 47. Qf3 Bf7
48. Ng3 Qg6 49. Kh2 Be8 50. Rc1 Qf6 51. Qc3 Rg6 52. Qe5 Bxc6 53. Qe2 Bxg2 54.
Qxg2 Qd4 55. Re1 Bc5 56. Qa2 Qxf4 57. Qf7+ Rg7 58. Qxf5+ Qxf5 59. Nxf5 Rg5 60.
Rf1 Bb4 61. h4 Rg4 62. Kh3 Re4 63. Ng3 Re7 64. Rf6 Re3 65. Kg4 Rd3 66. Nf5 Bd2
67. Rc6 Rc3 68. Re6 Rc5 69. Ng3 Rc4+ 70. Re4 Rc5 71. Rd4 Bc1 72. Rd7+ Kg8 73.
Nh5 Kf8 74. Rh7 Bb2 75. Rxh6 Rc4+ 76. Kg3 Rxa4 77. Re6 Kf7 78. Re2 Rb4 79. Nf4
Rb3+ 80. Kg4 a4 81. Re4 a3 82. Ra4 c5 83. Kf5 c4 84. Ra7+ Ke8 85. Ke4 Rb6 86.
h5 c3 87. Kd4 0-1